Exiled waters : Moby-Dick and the crisis of allegory /

Bibliographic Details
Main Author: Cowan, Bainard
Format: Book
Language:English
Published: Baton Rouge : Louisiana State University Press, [1982]
Subjects:

MARC

Tag First Indicator Second Indicator Subfields
LEADER 00000pam a2200000 a 4500
001 in00000091661
005 20150923131718.0
008 811104s1982 lau b s00110 eng
010 |a  81019354  
020 |a 0807110027 :  |c $18.50 
035 |a (OCoLC)07977777 
035 |9 AAK6992AM 
039 0 |a 2  |b 3  |c 3  |d 3  |e 3 
040 |a DLC  |c DLC  |d TXA  |d UtOrBLW 
049 |a TXAM  |c [1561952] 
050 0 0 |a PS2384 M62  |b  C68 1982 
082 0 |a 813/.3  |2 19 
100 1 |a Cowan, Bainard. 
245 1 0 |a Exiled waters :  |b Moby-Dick and the crisis of allegory /  |c  Bainard Cowan. 
264 1 |a Baton Rouge :  |b Louisiana State University Press,  |c [1982] 
264 4 |c ©1982 
300 |a xii, 194 pages ;  |c 24 cm. 
336 |a text  |b txt  |2 rdacontent 
337 |a unmediated  |b n  |2 rdamedia 
338 |a volume  |b nc  |2 rdacarrier 
500 |a Includes index. 
504 |a Bibliography: pages 183-191. 
600 1 0 |a Melville, Herman,  |d 1819-1891.  |t Moby Dick. 
600 1 0 |a Melville, Herman,  |d 1819-1891  |x Allegory and symbolism. 
999 |a MARS 
999 f f |s 27eaa771-6287-3618-938e-48911c981dad  |i 1cce4c64-b274-36c6-a705-d98c0c659c82  |t 0 
952 f f |p ric  |a Texas A&M University  |b Rellis Campus  |c Joint Library Facility  |d Remote Storage  |t 0  |e PS2384 M62 C68 1982  |h Library of Congress classification  |i unmediated -- volume  |m A14806019397 
998 f f |a PS2384 M62 C68 1982  |t 0  |l Remote Storage